000
00273nam a2200121Ia 4500
008
190216s9999||||xx |||||||||||||| ||und||
100
_a
Ramesh Upadhyaya
245
0
_a
Hindi-Aaj Ka Stri Antholen
260
_b
Indra Sadhan
300
_a
67
650
_a
Hindi
942
_c
BK
999
_c
16209
_d
16209